000
00353pab a2200157 454500
008
180718b2004 xxu||||| |||| 00| 0 eng d
100
_a
Mungekar, Bhalchandra
245
_a
My vision of India: 2047 AD
260
_c
2004
300
_a
p.37-43.
362
_a
24 Jan
650
_a
India
650
_a
Culture
773
_a
Mainstrean
909
_a
59372
999
_c
59372
_d
59372